00733nam a22002417a 450000500170000001000110001702000100002803500110003803700160004904000120006508200160007710000270009324500560012026000400017627000110021630000200022750000200024765000320026765000270029994200250032699900190035195201210037020170124110040.0 a404562 c00.00 a404562 bCen Lib/Ret aDPLbEN a882.08bWEL aWells, Henry W.923501 aClassical drama of the orient /cby Henry W. Wells  aBombaybAsia Publishing Housec1965 bBombay a347p.c21cm(Hb) aIncludes index  aEnglish literature 9101997 aEnglish drama 9101998 2ddccENh882.08mWEL c128472d128472 00104070aLbLd2015-07-02eCen Lib/Retg0.00l0o882.08 WELp404562r2015-07-02 00:00:00t1v0.00w2015-07-02yEN